Teachers' salaries and the public welfare.
Saved in:
| Corporate Author: | |
|---|---|
| Format: | Book |
| Language: | English |
| Published: |
Washington,
1943.
|
| Series: | Research bulletin (National Education Association of the United States. Research Division) ;
vol. 21, no. 4, 1943. |
| Subjects: | |
| Tags: |
Add Tag
No Tags, Be the first to tag this record!
|
| LEADER | 00694nam a2200193K 4500 | ||
|---|---|---|---|
| 001 | 003679655-7 | ||
| 005 | 20080519100401.0 | ||
| 008 | 931122s1943 dcu 000 0 eng d | ||
| 035 | 0 | |a ocm81156840 | |
| 040 | |a HMG |c HMG | ||
| 110 | 2 | |a National Education Association of the United States. |b Research Division. | |
| 245 | 1 | 0 | |a Teachers' salaries and the public welfare. |
| 260 | |a Washington, |c 1943. | ||
| 300 | |a [89]-119 p. | ||
| 490 | 1 | |a Its Research bulletin, |v v. 21, no. 4, Dec. 1943. | |
| 650 | 0 | |a Teachers |x Salaries, etc. |z United States. | |
| 830 | 0 | |a Research bulletin (National Education Association of the United States. Research Division) ; |v vol. 21, no. 4, 1943. | |
| 988 | |a 20020608 | ||
| 906 | |0 MH | ||


